000 00912cam a2200217 4500
001 WB3914-18
008 030408n2003 000 0 eng u
035 _a(Sirsi) u121923
245 _aPlanning guidance for northwest
260 _c2003
490 _aPlanning (for the Natural and Built Environment)
_v(1513) 4 April 2003, 4(1)
520 _aThe final version of regional planning guidance for northwest England (RPG13) is published with lower house building figures and a 70% brownfield target, although government argues that greenfield development will still be possible. RPG13 available at www.go-nw.gov.uk/planning/rpg13.html.
590 _aWB
650 _aBROWNFIELD DEVELOPMENT
650 _aHOUSING TARGETS
650 _aREGIONAL PLANNING GUIDANCE
650 _aNORTHWEST ENGLAND
650 _aRPG13
690 _aENVIRONMENTAL AND LAND CONSULTANCY-PLANNING AND DEVELOPMENT
942 _n0
999 _c72458
_d72458